Sports Teams (NBA, NFL, NCAAB, NCAAF, NHL) - Statistics

General Stats
  • This quiz has been taken 1,487 times
  • The average score is 11 of 15
Answer Stats
Hint Answer % Correct
Spurs San Antonio
93%
Colts Indianapolis
92%
49ers San Francisco
90%
Crimson Tide Alabama
89%
Trail Blazers Portland
89%
Bruins (NHL) Boston
87%
Blackhawks Chicago
83%
Orange Syracuse
77%
Bruins (College) UCLA
72%
Red Raiders (College) Texas Tech
69%
Golden Bears California
65%
Cyclones Iowa State
62%
Cavaliers or Wahoos (College) Virginia
62%
Broncos (College) Boise State
58%
Black Knights Army
49%
No matching quizzes found
Score Distribution
Percent of People with Each Score
Percentile by Number Answered
Your Score History
You have not taken this quiz